Педагогическая наука и образование. Вып. 25 (Запись № 13462204)
[ простой вид ]
| 000 -МАРКЕР | |
|---|---|
| контрольное поле | 02176nam2a2200277 4500 |
| 001 - ИДЕНТИФИКАТОР ЗАПИСИ | |
| контрольное поле | RU\NLR\BIBL_A\022596363 |
| 005 - ИДЕНТИФИКАТОР ВЕРСИИ | |
| контрольное поле | 20260119132045.0 |
| 010 ## - МЕЖДУНАРОДНЫЙ СТАНДАРТНЫЙ НОМЕР КНИГИ (ISBN) | |
| Номер (ISBN) | 978-5-93216-649-9 |
| Тираж | 100 |
| 021 ## - НОМЕР ГОСУДАРСТВЕННОЙ РЕГИСТРАЦИИ | |
| Код страны | Российская Федерация |
| Номер | КН-П-25-034077 |
| Номер Листа государственной регистраци | КН-П-25-3368 |
| 035 ## - ДРУГИЕ СИСТЕМНЫЕ НОМЕРА | |
| Идентификатор записи | (NLR Aleph) 022596363 |
| 100 ## - ДАННЫЕ ОБЩЕЙ ОБРАБОТКИ | |
| Данные общей обработки | 20250805d2025 k y0rusy50 ca |
| 101 0# - ЯЗЫК РЕСУРСА | |
| Язык текста, звукозаписи и т.д. | русский |
| Язык резюме | английский |
| 102 ## - СТРАНА ПУБЛИКАЦИИ ИЛИ ПРОИЗВОДСТВА | |
| Страна публикации | Российская Федерация |
| 105 ## - ПОЛЕ КОДИРОВАННЫХ ДАННЫХ: ТЕКСТОВЫЕ МАТЕРИАЛЫ, МОНОГРАФИЧЕСКИЕ | |
| Кодированные данные о монографическом текстовом документе | a z 110yy |
| 200 0# - ЗАГЛАВИЕ И СВЕДЕНИЯ ОБ ОТВЕТСТВЕННОСТИ | |
| Основное заглавие | Вып. 25 |
| Сведения, относящиеся к заглавию | посвященный 55-летию УралГУФК |
| Первые сведения об ответственности | Федеральное государственное бюджетное образовательное учреждение высшего образования "Уральский государственный университет физической культуры", Кафедра педагогики |
| Последующие сведения об ответственности | редакционная коллегия: кандидат педагогических наук, доцент Ю. К. Померанцева (отв. ред.), доктор педагогических наук, профессор А. А. Найн |
| 210 ## - ПУБЛИКАЦИЯ, РАСПРОСТРАНЕНИЕ И ДР. | |
| Дата издания, распространения и т.д. | 2025 |
| 215 ## - ФИЗИЧЕСКАЯ ХАРАКТЕРИСТИКА | |
| Специфическое обозначение материала и объем | 140 с. |
| Другие сведения о физической характеристике | ил., табл. |
| 300 ## - ОБЩИЕ ПРИМЕЧАНИЯ | |
| Текст примечания | Рез. англ. |
| 320 ## - ПРИМЕЧАНИЯ О НАЛИЧИИ В ДОКУМЕНТЕ БИБЛИОГРАФИИ / УКАЗАТЕЛЯ | |
| Текст примечания | Библиогр. в конце ст. |
| 461 #0 - УРОВЕНЬ НАБОРА | |
| Встроенное поле | 001RU\NLR\bibl\1423676 |
| -- | 2001#$aПедагогическая наука и образование$e[тематический сборник научных трудов]$fМ-во спорта, туризма и молодеж. политики РФ, Ур. гос. ун-т физ. культуры, Каф. педагогики$g[отв. ред. А.Я. Найн]$vВып. 25 |
| Системный номер (АБИС) связанной записи | 1310065 |
| Место публикации | Челябинск |
| Дата публикации | 2009 |
| Первые сведения об ответственности | М-во спорта, туризма и молодеж. политики РФ, Ур. гос. ун-т физ. культуры, Каф. педагогики |
| Имя издателя, распространителя и т.д. | Уральская академия |
| Сведения, относящиеся к заглавию | [тематический сборник научных трудов] |
| Заглавие | Педагогическая наука и образование |
| Номер тома | Вып. 25 |
| 942 ## - ДОПОЛНИТЕЛЬНЫЕ ЭЛЕМЕНТЫ ЗАПИСИ (АБИС) | |
| Тип экземпляра АБИС | Книга |
| 980 ## - КОЛЛЕКЦИЯ | |
| Название коллекции | Национальная библиография |
Нет доступных экземпляров.